|
|
|
|
| LEADER |
01096nam a2200265 u 4500 |
| 001 |
10024860 |
| 003 |
GR-PaULI |
| 005 |
20210527083612.0 |
| 008 |
980409s1981 us eng |
| 952 |
|
|
|0 0
|1 0
|2 ddc
|4 0
|6 Π_Σ_515_730000000000000_GAR
|7 0
|9 234171
|a LISP
|b LISP
|c REF
|d 2019-07-22
|i 141304
|l 0
|o Π/Σ 515.73 GAR
|p 025000042611
|r 2019-07-22 00:00:00
|t 1
|v 2019.00
|w 2019-07-22
|y BKN
|
| 999 |
|
|
|c 142058
|d 142058
|
| 020 |
|
|
|a 0122761502
|
| 040 |
|
|
|a GR-PaULI
|c GR-PaULI
|b gre
|e AACR2
|
| 082 |
0 |
4 |
|a 515.73
|2 23
|
| 100 |
1 |
|
|a Garnett, John B.
|9 65216
|e συγγραφέας.
|
| 245 |
1 |
0 |
|a Bounded analytic functions /
|c by John B. Garnett.
|
| 260 |
|
|
|a New York, NY :
|b Academic Press,
|c 1981.
|
| 300 |
|
|
|a xvi, 467 σ. ;
|c 24 εκ.
|
| 490 |
1 |
|
|a Pure and applied mathematics
|v 96.
|
| 504 |
|
|
|a Περιλαμβάνει βιβλιογραφικές παραπομπές και ευρετήριο.
|
| 505 |
1 |
|
|a
|
| 650 |
|
4 |
|a Αναλυτικές συναρτήσεις
|9 127992
|
| 830 |
|
0 |
|9 165437
|a Pure and applied mathematics (Academic Press)
|v 96.
|
| 942 |
|
|
|2 ddc
|c BKN
|
| 998 |
|
|
|c ΜΠΟΥΡΑΣ
|d 2019-07
|